000 00637nam a2200181 a 4500
001 000026979
005 20241015140953.0
008 110328s1998 dr 000 0 spa d
020 _z976815697x
040 _aDO-SdBNP
_bspa
_cBNPHU
082 _axxxx
_bC581
245 0 3 _aLa ciudad de Santo Domingo en las crónicas históricas /
_ccompilador Emilio Cordero Michel.
260 _aSanto Domingo :
_bAyuntamiento del Distrito Nacional,
_c1998.
300 _a371 p. ;
_c21 cm.
504 _aIncluye referencias bibliográficas y notas al pie de las páginas
700 1 _aCordero Michel, Emilio,
_d1929-2018
_ecomp.
_944029
049 _aBNPD
999 _c26471
_d26471